English - Persian dictionary = (Record no. 9474)

MARC details
000 -LEADER
fixed length control field 01149cac a22003375a 4500
003 - CONTROL NUMBER IDENTIFIER
control field EG-ScBUE
005 - DATE AND TIME OF LATEST TRANSACTION
control field 20191209124317.0
008 - FIXED-LENGTH DATA ELEMENTS--GENERAL INFORMATION
fixed length control field 180828s1993 nyu f d 000 0 mul d
020 ## - INTERNATIONAL STANDARD BOOK NUMBER
International Standard Book Number 0781800560
020 ## - INTERNATIONAL STANDARD BOOK NUMBER
International Standard Book Number 9780781800563
040 ## - CATALOGING SOURCE
Original cataloging agency EG-ScBUE
Language of cataloging eng
Description conventions rda
Transcribing agency EG-ScBUE
Modifying agency EG-ScBUE
041 0# - LANGUAGE CODE
Language code of text/sound track or separate title eng
-- per
082 04 - DEWEY DECIMAL CLASSIFICATION NUMBER
Classification number 491.55321
Item number HAI
Edition number 22
100 1# - MAIN ENTRY--PERSONAL NAME
Personal name Haim, S,
Relator term author.
245 10 - TITLE STATEMENT
Title English - Persian dictionary =
Remainder of title انكليسي - فارسي /
Statement of responsibility, etc S. Haim.
264 #1 - PUBLICATION, DISTRIBUTION, ETC. (IMPRINT)
Place of publication, distribution, etc New York, NY :
Name of publisher, distributor, etc Hippocrene Books,
Date of publication, distribution, etc 1993.
300 ## - PHYSICAL DESCRIPTION
Extent 700 pages, 5 unnumbered pages ;
Dimensions 20 cm.
336 ## - CONTENT TYPE
Source rdacontent
Content type term text
Content type code txt
337 ## - MEDIA TYPE
Source rdamedia
Media type term unmediated
Media type code n
338 ## - CARRIER TYPE
Source rdacarrier
Carrier type term volume
Carrier type code nc
490 0# - SERIES STATEMENT
Series statement Hippocrene standard dictionary
500 ## - GENERAL NOTE
General note Originally published in 1987 by Farhang Moaser, Tehran.
546 ## - LANGUAGE NOTE
Language note Text in English and Persian.
590 ## - LOCAL NOTE (RLIN)
Local note Marwa Ashraf
650 #7 - SUBJECT ADDED ENTRY--TOPICAL TERM
Topical term or geographic name as entry element English language
Form subdivision Dictionaries
General subdivision Persian.
Source of heading or term BUEsh
650 #7 - SUBJECT ADDED ENTRY--TOPICAL TERM
Topical term or geographic name as entry element Persian language
Form subdivision Dictionaries
General subdivision English
Source of heading or term BUEsh
651 ## - SUBJECT ADDED ENTRY--GEOGRAPHIC NAME
Source of heading or term BUEsh
653 ## - INDEX TERM--UNCONTROLLED
Resource For college Humanities: English
Arrived date list July2019
655 ## - INDEX TERM--GENRE/FORM
Form subdivision Reading book
942 ## - ADDED ENTRY ELEMENTS (KOHA)
Koha item type Reference (NB)
Call number prefix 491.55HAI
Source of classification or shelving scheme Dewey Decimal Classification
Holdings
Withdrawn status Lost status Source of classification or shelving scheme Damaged status Not for loan Home library Current library Shelving location Date acquired Source of acquisition Total Checkouts Full call number Barcode Date last seen Koha item type
    Dewey Decimal Classification     Central Library Central Library Second Floor 08/05/2014 Purchase   491.55321 HAI 000011576 15/07/2025 Book - Borrowing